书目信息 |
| 题名: |
西方传媒对外报道策略
|
|
| 作者: | 王海 著 | |
| 分册: | ||
| 出版信息: | 北京 中国传媒大学出版社 2009.06 |
|
| 页数: | 224页 | |
| 开本: | 23cm | |
| 丛书名: | 对外报道与国际传播研究丛书 | |
| 单 册: | ||
| 中图分类: | G219.1 , D801 | |
| 科图分类: | ||
| 主题词: | 新闻报道--xin wen bao dao--应用--对外政策--宣传工作--研究--西方国家 | |
| 电子资源: | ||
| ISBN: | 978-7-81127-646-6 | |
| 000 | 01143nam 2200277 450 | |
| 001 | 012010670636 | |
| 005 | 20100604095641.84 | |
| 010 | @a978-7-81127-646-6@dCNY46.00 | |
| 100 | @a20100604d2009 em y0chiy0120 ea | |
| 101 | 0 | @achi |
| 102 | @aCN@b110000 | |
| 105 | @ak z 000yy | |
| 106 | @ar | |
| 200 | 1 | @a西方传媒对外报道策略@Axi fang chuan mei dui wai bao dao ce lue@d= Western media international reporting for global audience@f王海著@Fwang hai zhu@zeng |
| 210 | @a北京@c中国传媒大学出版社@d2009.06 | |
| 215 | @a224页@d23cm | |
| 225 | 2 | @a对外报道与国际传播研究丛书@Adui wai bao dao yu guo ji chuan bo yan jiu cong shu |
| 330 | @a本书试图从文本分析出发,辅以传播学、语言学和符号学等相关学科的理论,对西方媒体的对外报道表现手法、对外报道与政府决策、外交的互动关系等。 | |
| 410 | 0 | @12001 @a对外报道与国际传播研究丛书 |
| 510 | 1 | @aWestern media international reporting for global audience@zeng |
| 606 | 0 | @a新闻报道@Axin wen bao dao@x应用@x对外政策@x宣传工作@x研究@y西方国家 |
| 690 | @aG219.1@v4 | |
| 690 | @aD801@v4 | |
| 701 | 0 | @a王海@Awang hai@4著 |
| 801 | 0 | @aCN@bQSSK@c20100604 |
| 905 | @b781684-86@dG219.1@eW213@f3 | |
| 西方传媒对外报道策略= Western media international reporting for global audience/王海著.-北京:中国传媒大学出版社,2009.06 |
| 224页;23cm.-(对外报道与国际传播研究丛书) |
| ISBN 978-7-81127-646-6:CNY46.00 |
| 本书试图从文本分析出发,辅以传播学、语言学和符号学等相关学科的理论,对西方媒体的对外报道表现手法、对外报道与政府决策、外交的互动关系等。 |
| ● |
| 相关链接 |
|
|
|
正题名:西方传媒对外报道策略
索取号:G219.1/W213
 
预约/预借
| 序号 | 登录号 | 条形码 | 馆藏地/架位号 | 状态 | 备注 |
| 1 | 781684 | 207816844 | 社科库409/409社科库 57排6列2层/ [索取号:G219.1/W213] | 在馆 | |
| 2 | 781685 | 207816853 | 社科库409/409社科库 57排6列2层/ [索取号:G219.1/W213] | 在馆 | |
| 3 | 781686 | 207816862 | 社科库409/409社科库 57排6列2层/ [索取号:G219.1/W213] | 在馆 |